000 00341 a2200169 4500
001 61642
020 _a9788500022029
040 _cAnchieta - Pituba
100 _aÁbalos, Rafael
240 1 0 _aGrimpow
_lpor
245 1 0 _aGrimpow
300 _a362
362 0 _a2007
440 1 _aEdiouro
650 4 _aLiteratura juvenil
942 _cBK
999 _c61642
_d61642